00652njm a2200217 i 4500001001100000003000500011005001700016008004100033040002500074245002500099264004200124336002100166337002500187338002300212500001500235650002600250700001100276942001000287999001900297952011800316C2-0283442PPAK20180729163332.0071114s2004 xx |||| ||||| | eng d aPPAKbengcPPAKerda00aNight of remembrance 1bMountain of Light Production , c2004 2rdacontentatext 2rdamediaaunmediated 2rdacarrieravolume aCD 0893/0710aSacred songs ; Nasyid eauthor ddccB c163646d163646 00102ddc4071bYNcRd2007-12-31eNAZREi2007oR 782.25 NIGpA00160895r2018-07-05 00:00:00t0895/07v34.90yCD